| 000 | 00800na a2200253 4500 | ||
|---|---|---|---|
| 001 | 18412 | ||
| 003 | MIRAKIL | ||
| 005 | 20181213155043.0 | ||
| 008 | 170131b tu 000 0 | ||
| 040 |
_aMilas _btur _cTR-AnCHP |
||
| 041 | _atur | ||
| 082 |
_a338.6046 _bY44m 2016 |
||
| 090 | _a338.6046 Y44m 2016 | ||
| 100 | _aYılmaz, Güngör | ||
| 245 |
_aMuammer Tuksavul Turhal Şeker Fabrikası özelleştirme etüdü _cGüngör Yılmaz, Salih Barışık, Esen Oruç |
||
| 260 |
_a[Tokat] _bTOPEK A.Ş. _c2016 |
||
| 300 |
_a149 s. _bres.,hrt.,tbl. _c30 sm. |
||
| 610 |
_aTurhal Şeker Fabrikası _xözelleştirme |
||
| 650 |
_aÖzelleştirme _zTürkiye |
||
| 700 | _aBarışık, Salih | ||
| 700 | _aOruç, Esen | ||
| 710 | _aTurhal Pancar Ekicileri Kooperatifi (TOPEK) | ||
| 942 |
_2ddc _cBKS |
||
| 999 |
_c5667 _d5667 |
||